Catálogo

LA INPERFECCION EN EL EVANGELIO (Registro nro. 32358)

Detalles MARC
000 -LEADER
fixed length control field 00754nam a2200193 a 4500
001 - CONTROL NUMBER
control field 32358
005 - DATE AND TIME OF LATEST TRANSACTION
control field 20180713235936.0
008 - FIXED-LENGTH DATA ELEMENTS--GENERAL INFORMATION
fixed length control field 140415s2006 mx 000 0 spa d
020 ## - INTERNATIONAL STANDARD BOOK NUMBER
International Standard Book Number 9709720147
041 ## - LANGUAGE CODE
Language code of text/sound track or separate title spa
082 ## - DEWEY DECIMAL CLASSIFICATION NUMBER
Classification number 291.2
Item number PET
100 1# - MAIN ENTRY--PERSONAL NAME
Personal name Peter, Ricardo,.
245 13 - TITLE STATEMENT
Title LA INPERFECCION EN EL EVANGELIO
250 ## - EDITION STATEMENT
Edition statement 1a ed.
260 ## - PUBLICATION, DISTRIBUTION, ETC.
Place of publication, distribution, etc. MEXICO :
Name of publisher, distributor, etc. UPAEP,
Date of publication, distribution, etc. 2006
300 ## - PHYSICAL DESCRIPTION
Extent 137
Dimensions 15 x 2 x 22
520 ## - SUMMARY, ETC.
Summary, etc. RICARDO PETER, NACIO EN MANAGUA, ES DOCTOR EN FILOSOFIA, TRAINTING Y EN PSICOANALISIS, POSGRADO EN PERSONAL COUSELING. RADICO EN ROMA DURANTE 30 AÑOS, DONDE FUE EMBAJADOR DE NICARAGUA ANTE LA SANTA SEDE, DE 1979 A 1990. PROFESOR DE ANTROPOLOGIA DEL LIMITE EN LA UNIVERSIDAD GREGORIANA.
650 14 - SUBJECT ADDED ENTRY--TOPICAL TERM
Topical term or geographic name entry element RELIGION
Existencias
Withdrawn status Lost status Source of classification or shelving scheme Damaged status Not for loan Collection code Home library Current library Shelving location Date acquired Source of acquisition Total Checkouts Full call number Barcode Date last seen Price effective from Koha item type
    Dewey Decimal Classification     General Tehuacán Tehuacán Sala general 03/12/2013 Compra   291.2 PET 507265 11/09/2025 03/12/2013 Libro